ARRUPE JESUIT UNIVERSITY

CORONAVIRUS -STOP THE SPREAD - CLEAN,DISINFECT,COVER

Existentialist philosophy, (Record no. 30941)

MARC details
000 -LEADER
fixed length control field 00775cam a2200241 4500
001 - CONTROL NUMBER
control field 1716973
003 - CONTROL NUMBER IDENTIFIER
control field ARRUPE
005 - DATE AND TIME OF LATEST TRANSACTION
control field 20170728094443.0
008 - FIXED-LENGTH DATA ELEMENTS--GENERAL INFORMATION
fixed length control field 730430s1973 cau b 000 0 eng
010 ## - LIBRARY OF CONGRESS CONTROL NUMBER
LC control number 72093649
020 ## - INTERNATIONAL STANDARD BOOK NUMBER
International Standard Book Number 0822100916
040 ## - CATALOGING SOURCE
Original cataloging agency DLC
Transcribing agency DLC
Modifying agency DLC
050 00 - LIBRARY OF CONGRESS CALL NUMBER
Classification number B819
Item number .G656
082 00 - DEWEY DECIMAL CLASSIFICATION NUMBER
Classification number 142/.7
300 ## - PHYSICAL DESCRIPTION
Dimensions 24 cm.
100 1# - MAIN ENTRY--PERSONAL NAME
Personal name Gould, James A.,
Dates associated with a name 1922-
Relator term comp.
9 (RLIN) 33821
245 10 - TITLE STATEMENT
Title Existentialist philosophy,
Statement of responsibility, etc edited by James A. Gould [and] Willis H. Truitt.
260 ## - PUBLICATION, DISTRIBUTION, ETC. (IMPRINT)
Place of publication, distribution, etc Encino, Calif.,
Name of publisher, distributor, etc Dickenson Pub. Co.
Date of publication, distribution, etc [1973]
300 ## - PHYSICAL DESCRIPTION
Extent 391 p.
504 ## - BIBLIOGRAPHY, ETC. NOTE
Bibliography, etc Bibliography: p. 385-391.
650 #0 - SUBJECT ADDED ENTRY--TOPICAL TERM
Topical term or geographic name as entry element Existentialism.
9 (RLIN) 1759
700 1# - ADDED ENTRY--PERSONAL NAME
Personal name Truitt, Willis H.,
Relator term joint comp.
9 (RLIN) 33822
906 ## - LOCAL DATA ELEMENT F, LDF (RLIN)
a 7
b cbc
c orignew
d 2
e opcn
f 19
g y-gencatlg
942 ## - ADDED ENTRY ELEMENTS (KOHA)
Source of classification or shelving scheme Library of Congress Classification
Koha item type Monograph ( Printed materials)
Holdings
Withdrawn status Lost status Source of classification or shelving scheme Damaged status Not for loan Collection code Home library Current library Shelving location Date acquired Total Checkouts Full call number Barcode Date last seen Date checked out Copy number Price effective from Koha item type
    Library of Congress Classification     Main Collection ARRUPE LIBRARY ARRUPE LIBRARY   04/03/2013 3 B819.G656 46003091957 05/03/2019 06/02/2019 1 04/03/2013 Monograph ( Printed materials)

 

Arrupe Library. PO Box MP320 Mt Pleasant, Harare, Zimbabwe
263 242 745411|librarian@aju.ac.zw